Wszystkie bramki Benzemy w Lidze Mistrzów - Statystyki

Ogólne statystyki
  • Ten quiz został rozwiązany 80 razy
    53 od ostatniego zresetowania
  • Średni wynik to 15 z 33
Statystyki odpowiedzi
Ilość bramek Klub % Poprawnych
4 bramki FC Liverpool
89%
1 bramka Inter Mediolan
89%
2 bramki Paris Saint-Germain
89%
3 bramki Manchester City
87%
1 bramka AC Milan
80%
4 bramki Bayern Monachium
80%
1 bramka Chelsea FC
80%
3 bramki Borussia Dortmund
78%
1 bramka Manchester United
78%
1 bramka Napoli
62%
4 bramki Ajax Amsterdam
58%
1 bramka Szachtar Donieck
53%
1 bramka Legia Warszawa
49%
3 bramki Olympique Lyon
44%
1 bramka Sporting CP
44%
1 bramka CSKA Moskwa
42%
1 bramka Atalanta BC
40%
3 bramki FC Schalke 04
40%
4 bramki APOEL
38%
3 bramki Malmo FF
38%
1 bramka Dynamo Kijów
36%
5 bramek Galatasaray SK
33%
1 bramka FC Basel 1893
31%
2 bramki Dinamo Zagrzeb
24%
2 bramki AC Fiorentina
20%
3 bramki FC Viktoria Pilzno
20%
3 bramki Borussia Monchengladbach
18%
2 bramki Glasgow Rangers
13%
3 bramki FCSB
11%
3 bramki AJ Auxerre
7%
1 bramka Rosenborg BK
7%
1 bramka Łudogorec Razgrad
4%
1 bramka VfB Stuttgart
0%
Nie znaleziono quizów pasujących do podanych kryteriów
Rozkład punktacji
Procent ludzi z każdym wynikiem
Percentyl według liczby udzielonych odpowiedzi
Twoja historia wyników
Nie rozwiązałeś tego quizu od ostatniego zresetowania